000 00485 a2200169 4500
005 20260422094131.0
008 260422b |||||||| |||| 00| 0 eng d
020 _a9789357059299
080 _a(079.1):159.98 CAT"2025" R
100 _aSinha,Nishit K.
245 _aQuantitative aptitude for CAT
250 _a6th
260 _bPearson.
_aIndia.
_c2025.
500 _aUseful for MBA ,SNAP,XAT,IIFT
653 _aCAT - Quantitative aptitude | Competative exam guide
942 _cOO
999 _c116179
_d116178